Natural rubber latex membranes incorporated with three different types of propolis: Physical-chemistry and antimicrobial behaviours (Record no. 63567)

MARC details
000 -LEADER
fixed length control field 00550nam a2200145Ia 4500
100 ## - MAIN ENTRY--AUTHOR NAME
Personal name Zancaneis D.C
245 #0 - TITLE STATEMENT
Title Natural rubber latex membranes incorporated with three different types of propolis: Physical-chemistry and antimicrobial behaviours
260 ## - PUBLICATION, DISTRIBUTION, ETC. (IMPRINT)
Name of publisher Materials Science and Engineering. C, Materials for Biological Applications
Year of publication 2019
300 ## - PHYSICAL DESCRIPTION
Number of Pages 576-582
500 ## - GENERAL NOTE
General note Source Year: 2019
650 ## - SUBJECT ADDED ENTRY--TOPICAL TERM
Topical Term NR latex membrane
856 ## - ELECTRONIC LOCATION AND ACCESS
Uniform Resource Identifier doi: 10.1016/j.msec.2018.12.042
942 ## - ADDED ENTRY ELEMENTS (KOHA)
Koha item type Journals
Holdings
Withdrawn status Lost status Damaged status Not for loan Home library Current library Shelving location Date acquired Serial Enumeration / chronology Koha item type
      Journals RRII Library RRII Library Rubber general 17/12/2021 Volume 97, Issue Journals